00472 a2200181 4500001000700000020001800007040002200025041001600047082002300063100002800086245001300114250000900127260003100136300000800167362001400175490002400189500007700213134465 a85-08-09460-4 cLeonardo Da Vinci aPortuguês a574 P353babP353ba aPAULINO, Wilson Roberto aBiologia a9.ed bÁticac2004aSão Paulo a464 a200400000 aNovo Ensino Médio aDe acordo com as Diretrizes Curriculares Nacionais para o Ensino Médio